000 00379nam a22001697a 4500
005 20260509113248.0
008 160530b xxu||||| |||| 00| 0 eng d
020 _a0-7494-3123-7
041 _aeng
082 _a659.1
100 _aArmstrong, Steven
_91516
245 _aAdvertising on the internet
260 _bKogan
300 _a107
650 _aManagement
942 _cBK
999 _c2141
_d2140